A república que ainda não foi : (Record no. 355)

MARC details
000 -LÍDER
Campo Fixo de Controle 01163nam a2200313 a 4500
001 - NÚMERO DE CONTROLE
Campo de Controle 355
003 - IDENTIFICAÇÃO DO NÚMERO DE CONTROLE
Campo de Controle BR-CuiBMT
005 - DATA E HORA DA ÚLTIMA ATUALIZAÇÃO
Campo de Controle 20231121235257.0
008 - DADOS FIXOS
Dados Fixos 231101s2018 mgb 000 0 por d
020 ## - INTERNATIONAL STANDARD BOOK NUMBER
Nº do ISBN 9788545005827
040 ## - AGÊNCIA CATALOGADORA
Código da Agência Catalogadora BR-CuiBMT
Agência que transcreveu o registro BR-CuiBMT
080 ## - Nº DA CLASSIFICAÇÃO DECIMAL UNIVERSAL
Nº edição CDU 2007
Nº Class. CDU 342.4
Subd. Auxiliar Comum (81):340.132
090 ## - NÚMERO DE CHAMADA
Nº classificação 342.4(81):340.132
Cutter R426
245 02 - TÍTULO PRINCIPAL
Título principal A república que ainda não foi :
Subtítulo trinta anos da Constituição de 1988 na visão da Escola de Direito Constitucional da UERJ /
Indicação de responsabilidade Luís Roberto Barroso, Patrícia Perrone Campos Mello, coordenadores ; [autores: Ademar Borges ... et al.].
260 ## - PUBLICAÇÃO, DISTRIBUIÇÃO, ETC.
Local de publicação Belo Horizonte :
Editora Fórum,
Data c2018.
300 ## - DESCRIÇÃO FÍSICA
N. páginas ou volumes 639 p. ;
Dimensões 25 cm
500 ## - NOTAS GERAIS
Notas gerais Vários colaboradores.
504 ## - NOTA DE BIBLIOGRAFIA, ETC.
Nota de bibliografia inclui bibliografia.
650 ## - ASSUNTO TÓPICO
Cabeçalho tópico ou nome geográfico Direito constitucional
Subdivisão geográfica Brasil
650 ## - ASSUNTO TÓPICO
Cabeçalho tópico ou nome geográfico Processo constitucional
Subdivisão geográfica Brasil
650 ## - ASSUNTO TÓPICO
Cabeçalho tópico ou nome geográfico República
Subdivisão geográfica Brasil
650 ## - ASSUNTO TÓPICO
Cabeçalho tópico ou nome geográfico Estabilidade econômica
Subdivisão cronológica Brasil
650 ## - ASSUNTO TÓPICO
Cabeçalho tópico ou nome geográfico Sistema político
Subdivisão cronológica Brasil
650 ## - ASSUNTO TÓPICO
Cabeçalho tópico ou nome geográfico Corrupção
700 1# - ENTRADA SECUNDÁRIA -- NOME PESSOAL
Nome pessoal Barroso, Luís Roberto,
Datas associadas ao nome 1958-
Cód. do termo explicativo coord.
700 1# - ENTRADA SECUNDÁRIA -- NOME PESSOAL
Nome pessoal Mello, Patrícia Perrone Campos
Cód. do termo explicativo coord.
700 1# - ENTRADA SECUNDÁRIA -- NOME PESSOAL
Nome pessoal Borges, Ademar
Termo de relação et al.
-- autores
942 ## - ELEMENTOS DE ENTRADA ADICIONAIS (KOHA)
Fonte de classificação ou esquema de arquivamento Classificação Decimal Universal
Tipo de item do Koha Livros
Holdings
Estado: removido Estado: perdido Fonte de classificação ou esquema de arquivamento Estado: danificado Indisponível para empréstimo Localização permanente Localização atual Data de aquisição Total Checkouts Número de Chamada completo Código de barras Date last seen Número do exemplar Preço efetivo a partir de Tipo de item (Koha)
    Classificação Decimal Universal     Biblioteca da Escola Superior de Contas do TCE/MT Biblioteca da Escola Superior de Contas do TCE/MT 08/08/2019   342.4(81):340.132 R426 BIBTCEMT23110035 01/11/2023 Ex. 1 01/11/2023 Livros
    Classificação Decimal Universal     Biblioteca da Escola Superior de Contas do TCE/MT Biblioteca da Escola Superior de Contas do TCE/MT 08/08/2019   342.4(81):340.132 R426 BIBTCEMT23110037 01/11/2023 Ex. 2 01/11/2023 Livros

Powered by Koha